| 000 | 01402 a2200229 4500 | ||
|---|---|---|---|
| 001 | 43335 | ||
| 005 | 20260407155717.0 | ||
| 008 | 260407a1964 arg spa d | ||
| 003 | AR-UNSa-BCEJYS | ||
| 040 |
_aAR-UNSa-BCEJYS _bspa _cAR-UNSa-BCEJYS |
||
| 080 |
_a911.3:33 _xGeografía económica |
||
| 245 | 1 | 0 | _aCompendio de geografía económica |
| 250 | _a2a. ed. | ||
| 264 | 1 |
_aBarcelona : _bEdiciones Ariel _c1964 |
|
| 300 |
_a442 p. _c20 cm. |
||
| 505 | _aIntroducción: La geografía económica - Parte I: los hombres y los sistemas económicos: 1. Diversidad de las formas de economía capitalista en el mundo - 2. Economía socialista y construcción de una economia socialista - Parte II: La economía y la producción industrial: 1. Estructuta y formas de organización - 2. La producción de energía - 3. La producción y la comercialización de materias primas - Parte III: Economía agricola y productos de artículos alimenticios: 1. Tipos de economía agrícola - 2. La producción de cereales - 3. Cultivos alimenticios diversos - 4. Productos derivados de la ganaderia y de la pesca - Parte IV: Comercio y Circulación : 1. Economía y comercio - 2. Los transportes continentales - 3. Los transportes maritimos y aéreos - - Indice de figuras | ||
| 041 | _aspa | ||
| 942 | _cBK | ||
| 590 | _aniveau_biblio:m niveau_hierar:0 | ||
| 100 | 1 | _aGeorge, Pierre | |
| 700 | 1 | _aHuera, Carmen | |
| 999 |
_c3687 _d3687 |
||